|
|
|
|
| LEADER |
00000nam a2200000Ia 4500 |
| 008 |
180704b1993 cr ||||| |||| 00| | spa d |
| 999 |
|
|
|c 1994
|d 1994
|
| 090 |
|
|
|a 06.06.01
|b 630
|
| 110 |
|
|
|a Consejo Nacional de Rectores. Oficina de Planificación de la Educación Superior
|9 44
|
| 245 |
1 |
0 |
|a Perfil de los graduados de las instituciones de educación superior universitaria estatal. 1991
|
| 260 |
|
|
|a San José, Costa Rica :
|b OPES,
|c 1993
|
| 300 |
|
|
|a 119 páginas
|
| 650 |
1 |
4 |
|a GRADUADOS
|9 779
|
| 650 |
1 |
4 |
|a INSTITUCIONES DE ENSEÑANZA SUPERIOR
|9 788
|
| 942 |
|
|
|i 001211
|h 06.06.01 630
|2 z
|c 01
|